000 00593nam a2200193 4500
999 _c12783
_d12783
008 210604b ||||| |||| 00| 1 hin d
020 _a81-7146-008-9
_cRs.100.00
041 0 _ahin
082 0 0 _a891.43
_bB2149
100 _94589
_aBandyopadhyaya, Tarashankar
245 1 0 _aRati bilap /
_cby Tarashankar Bandyopadhyaya
245 1 0 _aरति बिलप /
_cतराशंकर बंद्योपाध्याय
250 _a1st ed.
260 _aNew Delhi :
_bArun prakashan,
_c1993.
300 _a176 p.
365 _bINR 100.00
650 0 _aHindi fiction
942 _2ddc
_cBK